[Event "Hessen-chB"]
[Site "Korbach"]
[Date "2013.03.30"]
[Round "7"]
[White "Lages, Karl Heinz"]
[Black "Herbst, Alexander"]
[Result "0-1"]
[WhiteElo "1917"]
[BlackElo "1597"]
[PlyCount "76"]
[EventDate "2013.03.27"]
[EventType "swiss"]
[EventRounds "7"]
[EventCountry "GER"]
[SourceTitle "EXT 2014"]
[Source "ChessBase"]
[SourceDate "2013.11.20"]
[SourceVersion "1"]
[SourceVersionDate "2013.11.20"]
[SourceQuality "1"]

1. e4 e5 2. Nf3 Nc6 3. Bb5 f5 4. exf5 e4 5. Qe2 Qe7 6. Bxc6 dxc6 7. Nd4 Nf6 8. Ne6 Bxe6 9. fxe6 Qxe6 10. d3 0-0-0 11. Nc3 Re8 12. 0-0 exd3 13. Qxd3 Bd6 14. Bd2 Ng4 15. h3 Ne5 16. Qd4 Rhf8 17. Rae1 Qg6 18. f4 Nd7 19. Ne4 Nb6 20. f5 Qf7 21. Nxd6+ cxd6 22. Rxe8+ Rxe8 23. f6 g6 24. a4 Kc7 25. Bc3 Re6 26. a5 Nc8 27. Qf4 Re8 28. Qh6 Rd8 29. Rf4 Rd7 30. Rh4 Qg8 31. Qe3 Qf7 32. Re4 Kd8 33. g4 Rc7 34. b4 a6 35. Re6 Rd7 36. Be1 Rc7 37. Bg3 Kd7 38. c4 Qxe6 0-1